Quyền tự chủ thông tin

Sách giúp bạn đọc hiểu được phần nào về quyền tự chủ trong công nghệ phần mềm và những rủi ro trong tương lai có thể gặp phải khi bị lệ thuộc về công nghệ. Cuốn sách kể lại quá trình đấu tranh của giới tri thức phần mềm Trung Quốc...

Πλήρης περιγραφή

Αποθηκεύτηκε σε:
Λεπτομέρειες βιβλιογραφικής εγγραφής
Κύριος συγγραφέας: Lập, Quần Biên Trước
Μορφή: Βιβλίο
Γλώσσα:Undetermined
Έκδοση: Hà Nội Thông Tin Và Truyền Thông 2009
Θέματα:
Ετικέτες: Προσθήκη ετικέτας
Δεν υπάρχουν, Καταχωρήστε ετικέτα πρώτοι!
Thư viện lưu trữ: Trung tâm Học liệu Trường Đại học Cần Thơ
LEADER 01141nam a2200205Ia 4500
001 CTU_174161
008 210402s9999 xx 000 0 und d
020 |c 49000 
082 |a 005.1 
082 |b Tr557 
100 |a Lập, Quần Biên Trước 
245 0 |a Quyền tự chủ thông tin 
245 0 |c Lập Quần Biên Trước, Nguyễn Thanh Hải 
260 |a Hà Nội 
260 |b Thông Tin Và Truyền Thông 
260 |c 2009 
520 |a Sách giúp bạn đọc hiểu được phần nào về quyền tự chủ trong công nghệ phần mềm và những rủi ro trong tương lai có thể gặp phải khi bị lệ thuộc về công nghệ. Cuốn sách kể lại quá trình đấu tranh của giới tri thức phần mềm Trung Quốc chống lại việc OOXML trở thành tiêu chuẩn định dạng văn bản quốc tế. 
650 |a Software engineering,Công nghệ phần mềm 
910 |a Thuý phượng,Hải 
980 |a Trung tâm Học liệu Trường Đại học Cần Thơ